[Event "Bucaramanga Udi Cup"]
[Site "Bucaramanga"]
[Date "2014.10.18"]
[Round "7"]
[White "Gonzalez Suarez, Nelson"]
[Black "Almeida Manosalva, Rafael Santo"]
[Result "0-1"]
[WhiteElo "1558"]
[BlackElo "1474"]
[PlyCount "70"]
[EventDate "2014.10.15"]
[EventType "swiss"]
[EventRounds "9"]
[EventCountry "COL"]
[SourceTitle "EXT 2015"]
[Source "ChessBase"]
[SourceDate "2014.11.20"]
[SourceVersion "1"]
[SourceVersionDate "2014.11.20"]
[SourceQuality "1"]

1. d4 d5 2. e3 Nf6 3. h3 Bf5 4. Nf3 Nc6 5. Bb5 Qd6 6. 0-0 a6 7. Bxc6+ Qxc6 8. c3 e6 9. Ne5 Qd6 10. b3 Ne4 11. Ba3 Qb6 12. Bxf8 Rxf8 13. g4 Bg6 14. h4 h6 15. h5 Bh7 16. f4 0-0-0 17. Rf3 Kb8 18. a4 f6 19. Nd3 Qc6 20. Nb4 Qd7 21. Qe2 Ka7 22. Nd3 e5 23. f5 exd4 24. cxd4 Qc6 25. Qb2 Ng5 26. Rf1 Rfe8 27. Re1 Nf3+ 28. Kf2 Nxe1 29. Nxe1 Qd6 30. b4 Qh2+ 31. Ng2 Re4 32. Qe2 Rde8 33. Qc2 Rxe3 34. Qc5+ Kb8 35. Nc3 Qg3+ 0-1